000 00304nam a22001337a 4500
008 170508b xxu||||| |||| 00| 0 eng d
020 _a9781558703322
041 _aeng
080 _a34
100 _a14
101 _aSHJ
245 _aUNDERSTANDING AND USIND THE LAW
_cJOHNSON.D
942 _2udc
_cBK
999 _c12851
_d12851